000 00367nam a22001457a 4500
003 OSt
008 250212b |||||||| |||| 00| 0 eng d
020 _a9789348140975
100 _aGARG, Angali
245 _aGesture- Controlled Virtual Mouse
260 _aNew Delhi,
_bNaples India:
_c2024.
300 _a223p.
650 _aFaculty Publication
942 _2ddc
_cBK
999 _c13095
_d13095